| 000 | 00625nam a2200217 i 4500 | ||
|---|---|---|---|
| 001 | 20119 | ||
| 003 | ES-MaACL | ||
| 005 | 20250725232350.0 | ||
| 007 | t| | ||
| 008 | 021128s1987 sp ||||1| spa d | ||
| 020 | _a84-85381-42-4 | ||
| 080 | _a914.681(0:82) | ||
| 080 | _a821.134.2-14(082.2) | ||
| 245 | 0 | 0 |
_aAndalucía en verso _b: antología / _c[selección] M. García Viñó. |
| 260 |
_a[Madrid] : _bHeliodoro, _c[1987] |
||
| 300 |
_a231 p. ; _c21 cm. |
||
| 650 | 7 |
_aPoesías españolas _2embne _916214 |
|
| 700 | 1 |
_aGarcía Viñó, M. _955416 |
|
| 852 |
_aES-MaACL _jL-26043 _bR.131829 |
||
| 999 |
_c20119 _d20119 |
||